000 00528nam a2200181Ia 4500
001 5024
005 20260306145838.0
008 260306t2001||||xx |||||||||||||| ||spa||
041 _aESP
082 _a332.6609747
_bLL726
100 _aLlano Ferro, Luis Fernando
_eAUT
245 0 _aAproximación a Wall Street:
_bintroducción al mercado de capitales y consejos prácticos sobre cómo invertir en bolsa
260 _c2001
300 _a214 páginas :
_c21 cm.
650 _aGEN
654 _aCAN
942 _cLIB
_dJUS
_fJUS
_2ddc
_n
999 _c5024
_d5024